000 00749cab a2200229 4500
001 ABS57842
008 090401t1997 xxu||||| |||| 00| 0 eng d
035 _a(Sirsi) u81875
041 _aeng
245 _aAlternative land use
260 _c1997
350 _a0
490 _aFarm Development Review
_v11(11) September 1997, 1-8(8) (LOAN)
520 _aThis issue covers the fourth mast rental survey, a redundant buildings database called the Rural Property Database, farm retail opportunity, farm shop accreditation and news.
650 _aALTERNATIVE LAND USE
650 _aFARM SHOP ACCREDITATION SCHEME
650 _aMAST RENTAL
650 _aREDUNDANT BUILDINGS
690 _aRURAL PRACTICE
942 _n0
948 _c04/11/1997
999 _c51627
_d51627